[Event "14th Iraklio's Open"]
[Site "Athens GRE"]
[Date "2011.06.15"]
[Round "5"]
[White "Moutousis,K"]
[Black "Kourkoulos Arditis,Stamatis"]
[Result "1-0"]
[WhiteElo "2450"]
[BlackElo "2102"]

1.d4 Nf6 2.Nf3 e6 3.c4 b6 4.a3 Bb7 5.Nc3 d5 6.cxd5 Nxd5 7.Qc2 Nxc3 8.bxc3 Be7
9.e4 O-O 10.Bd3 c5 11.O-O Qc7 12.Qe2 Rd8 13.Bb2 Nc6 14.Rad1 Na5 15.Rfe1 Rac8
16.Ne5 c4 17.Bc2 f6 18.Ng4 e5 19.Ne3 Bf8 20.h4 exd4 21.cxd4 Re8 22.Qg4 c3
23.Bc1 Rcd8 24.h5 Kh8 25.Qf3 Qf7 26.d5 Bc8 27.Rd3 Re5 28.h6 gxh6 29.Rxc3 Bc5
30.Rxc5 bxc5 31.Bb2 Qe7 32.Bc3 Nb7 33.Nc4 Nd6 34.Nxe5 fxe5 35.Qh5 Nf7 36.f4 Re8
37.fxe5 Nxe5 38.d6 Qe6 39.Rd1 Kg8 40.Qxe5  1-0

[Event "Teplice Open"]
[Site "Teplice CZE"]
[Date "2011.06.15"]
[Round "5"]
[White "Jedlicka,A"]
[Black "Chmelik,J"]
[Result "1/2-1/2"]
[WhiteElo "2288"]
[BlackElo "2057"]

1.d4 Nf6 2.c4 e6 3.Nf3 b6 4.a3 Bb7 5.Nc3 d5 6.Bg5 Be7 7.e3 O-O 8.Rc1 Nbd7
9.cxd5 exd5 10.Bd3 c5 11.O-O h6 12.Bxf6 Nxf6 13.dxc5 Bxc5 14.b4 Bd6 15.Nd4 Rc8
16.h3 Bb8 17.Qf3 Qd6 18.g3 Qe5 19.Nce2 Ne4 20.Rxc8 Rxc8 21.Qg4 h5 22.Qd7 Qc7
23.Qxc7 Rxc7 24.Nf4 g6 25.Nb5 Rc8 26.Rd1 Nc3 27.Rd2 Nxb5 28.Bxb5 Rc1+ 29.Kg2 Rc3
30.Nxd5 Rxa3 31.Be2 Bd6 32.b5 Bc5 33.Bf3 Bxd5 34.Bxd5 a6 35.bxa6 Rxa6 36.Bc4 Ra7
37.e4 Kf8 38.e5 Ke7 39.f4 Ra4 40.Bb5 Rb4 41.Bc6 h4 42.Re2 Ke6 43.Be4 hxg3
44.Kxg3 Rb3+ 45.Bf3 Rc3 46.Kg4 f6 47.exf6+ Kxf6 48.Bd5 Re3 49.Rxe3 Bxe3  1/2-1/2

[Event "Zonal 3.4 Men"]
[Site "Tashkent UZB"]
[Date "2011.06.16"]
[Round "9.2"]
[White "Kvon,A"]
[Black "Kuderinov,K"]
[Result "0-1"]
[WhiteElo "2459"]
[BlackElo "2480"]

1.d4 Nf6 2.Nf3 b6 3.c4 e6 4.a3 Bb7 5.Nc3 d5 6.cxd5 Nxd5 7.Bd2 Be7 8.Qc2 O-O
9.e4 Nxc3 10.Bxc3 c5 11.Rd1 cxd4 12.Nxd4 Qc7 13.Be2 a6 14.Bg4 Qf4 15.Bf3 Rd8
16.O-O Nd7 17.e5 Bxf3 18.Nxf3 Nc5 19.Rd4 Rxd4 20.Bxd4 Qf5 21.Qxf5 exf5 22.b4 Na4
23.Rc1 g5 24.h3 g4 25.hxg4 fxg4 26.Nh2 Rd8 27.Be3 h5 28.Nf1 Rd5 29.Nd2 Rxe5
30.Rc8+ Kh7 31.Ra8 b5 32.Rxa6 h4 33.Rc6 f6 34.Rc2 Kg6 35.Nb3 Rd5 36.Rd2 Re5
37.Rc2 Bd6 38.Rd2 Bc7 39.Rd4 f5 40.Rd7 f4 41.Rxc7 fxe3 42.fxe3 Rxe3 43.Nd4 Nc3
44.Rc6+ Kg5 45.Ne6+ Kf6 46.Nf4+ Kf5 47.Ng6 Kg5 48.Kf1 Ne4 49.Nh8 Kf4 50.Rc2 Ng3+
51.Kf2 Ne4+ 52.Kf1 Kg3 53.Nf7 Rxa3 54.Nh6 Kf4 55.Ke2 Ra2  0-1

[Event "Zonal 2.4"]
[Site "Araruama BRA"]
[Date "2011.06.20"]
[Round "3"]
[White "Di Berardino,D"]
[Black "Cordova,E"]
[Result "1/2-1/2"]
[WhiteElo "2480"]
[BlackElo "2561"]

1.d4 Nf6 2.c4 e6 3.Nf3 b6 4.a3 c5 5.d5 Ba6 6.Qc2 exd5 7.cxd5 g6 8.Nc3 Bg7
9.g3 O-O 10.Bg2 Re8 11.O-O d6 12.Re1 b5 13.h3 Nbd7 14.Bf4 Qb6 15.Be3 Qb7
16.Bf4 b4 17.Na4 b3 18.Qxb3 Ne4 19.Qc2 Ndf6 20.b4 Bb5 21.Ne5 dxe5 22.Bf1 Bh6
23.Be3 c4 24.Nc5 Kg7 25.d6 Rf8 26.Nxe4 Qe7 27.d7 Qd8 28.g4 Qa5 29.Kg2 Nxe4  1/2-1/2

[Event "Voronezh Master Open"]
[Site "Voronezh RUS"]
[Date "2011.06.21"]
[Round "9.26"]
[White "Usmanov,V"]
[Black "Zhurikhin,A"]
[Result "1-0"]
[WhiteElo "2289"]
[BlackElo "2192"]

1.d4 Nf6 2.Nf3 b6 3.c4 e6 4.a3 Ba6 5.Qc2 c5 6.d5 exd5 7.cxd5 g6 8.Nc3 Bg7
9.g3 O-O 10.Bg2 d6 11.O-O Nbd7 12.h3 b5 13.b4 Rc8 14.Bb2 cxb4 15.axb4 Nxd5
16.Qb3 Nxc3 17.Rxa6 Nxe2+ 18.Kh2 Ne5 19.Rd1 Qe7 20.Nxe5 Bxe5 21.Re1 Rfe8
22.Bxe5 Qxe5 23.Rxa7 Rc4 24.Qf3 f5 25.Qb7  1-0

[Event "25th Open Pula"]
[Site "Pula CRO"]
[Date "2011.06.22"]
[Round "6.10"]
[White "Jovanic,O"]
[Black "Zsinka,L"]
[Result "1/2-1/2"]
[WhiteElo "2479"]
[BlackElo "2285"]

1.d4 Nf6 2.Nf3 e6 3.c4 b6 4.a3 Bb7 5.Nc3 g6 6.Qc2 c5 7.dxc5 bxc5 8.Bf4 Nh5
9.Be3 f5 10.Rd1 a6 11.g3 Qc7 12.Bg2 Be7 13.Bh6 Nc6 14.O-O Nd8 15.Bd2 Nf7
16.Rfe1 O-O 17.e4 f4 18.g4 Nf6 19.h3 g5 20.e5 Bxf3 21.Bxf3 Nxe5 22.Bxa8 Rxa8
23.Kf1 Nf3 24.Nd5 Nxd5 25.cxd5 Nxe1 26.Bxe1 Rf8 27.dxe6 dxe6 28.Qe4 Bf6 29.Qxe6+ Qf7
30.Qxf7+ Rxf7 31.b3 Rb7 32.Rd3 Kf7 33.Ke2 Ke6 34.Kf3 Rc7 35.h4 h6 36.h5 Bb2
37.a4 c4 38.bxc4 Rxc4 39.Rb3 Bd4 40.Rb4 Kd5 41.Rxc4 Kxc4 42.Ke4 Bc5 43.f3 Kb3
44.Kf5 Kxa4 45.Kg6 Bf8 46.Bc3 Kb3 47.Ba5 Kc4 48.Kf7 Bb4 49.Bd8 a5 50.Bxa5 Bxa5
51.Kg7 Kd5 52.Kxh6 Bd8 53.Kg7 Ke6 54.h6 Bf6+ 55.Kg8 Kd5 56.Kf7 Ke5 57.h7 Bh8
58.Kg6 Kd4 59.Kxg5 Ke3 60.Kh6 Kxf3 61.g5 Ke2 62.g6 f3 63.g7 Bxg7+ 64.Kxg7 f2  1/2-1/2

[Event "25th Open Pula"]
[Site "Pula CRO"]
[Date "2011.06.25"]
[Round "9.2"]
[White "Shengelia,D"]
[Black "Zelcic,R"]
[Result "1/2-1/2"]
[WhiteElo "2511"]
[BlackElo "2557"]

1.d4 Nf6 2.c4 e6 3.Nf3 b6 4.a3 Bb7 5.Nc3 Be7 6.d5 O-O 7.e4 d6 8.Bd3 c6 9.O-O cxd5
10.cxd5 exd5 11.exd5 Nbd7 12.Bf4 a6 13.Re1 Re8 14.Nd4 Bf8 15.Nc6 Qc7 16.Rxe8 Rxe8
17.Rc1 Nc5 18.b4 Nxd3 19.Qxd3 Bxc6 20.dxc6 Qxc6 21.Qxa6 d5 22.Be3 Ra8 23.b5 Qe8
24.Qxb6 Bxa3 25.Rb1 Rc8 26.Qa5 Bd6 27.b6 Qe5 28.g3 Rxc3 29.Bf4 Qe4 30.Rf1 Ra3
31.Qb5 Bxf4 32.gxf4 Qxf4 33.b7  1/2-1/2

[Event "64th ch-RUS HL"]
[Site "Taganrog RUS"]
[Date "2011.06.25"]
[Round "10"]
[White "Zakhartsov,Vi"]
[Black "Rodin,D"]
[Result "1-0"]
[WhiteElo "2578"]
[BlackElo "2404"]

1.d4 Nf6 2.c4 e6 3.Nf3 b6 4.a3 Bb7 5.Nc3 g6 6.Qc2 Bg7 7.e4 O-O 8.Bg5 h6 9.Be3 d6
10.h3 Nbd7 11.Be2 c5 12.d5 exd5 13.cxd5 a6 14.a4 Qe7 15.O-O g5 16.Nd2 Ne5
17.f4 gxf4 18.Bxf4 Nfd7 19.Bh2 Rae8 20.Kh1 Kh8 21.Rf2 Rg8 22.Nd1 Qh4 23.Bf1 Bc8
24.Ra3 Nf8 25.Rf4 Qd8 26.Ne3 Nfg6 27.Rf2 Bf6 28.Nf5 Kh7 29.Be2 Nh4 30.Ne3 Rg7
31.Nec4 Reg8 32.Nxe5 Bxe5 33.Bxe5 dxe5 34.Bf1 Ng6 35.Qc3 Qg5 36.Qe3 Nf4 37.Nf3 Qh5
38.Ng1 f6 39.Rb3 Qh4 40.Kh2 Nxh3 41.Nxh3 Bxh3 42.gxh3  1-0

[Event "49th National Challengers ch-IND"]
[Site "Aurangabad IND"]
[Date "2011.06.26"]
[Round "13"]
[White "Ram,S"]
[Black "Anurag,M"]
[Result "0-1"]
[WhiteElo "2293"]
[BlackElo "2198"]

1.d4 Nf6 2.c4 e6 3.Nf3 b6 4.a3 Bb7 5.Nc3 d5 6.cxd5 exd5 7.g3 Be7 8.Qa4+ c6
9.Bg2 O-O 10.O-O Nbd7 11.Bf4 Nh5 12.Rad1 Nxf4 13.gxf4 Nf6 14.Ne5 Qd6 15.e3 a5
16.Rc1 Qe6 17.Qb3 Rfb8 18.Rfd1 c5 19.Ne2 Bf8 20.Ng3 g6 21.Qd3 Rc8 22.f5 Qe8
23.h4 Ba6 24.Qd2 Bh6 25.f4 cxd4 26.exd4 Rxc1 27.Rxc1 Rc8 28.fxg6 hxg6 29.h5 Rxc1+
30.Qxc1 Qc8 31.Qxc8+ Bxc8 32.hxg6 fxg6 33.Nxg6 Kh7 34.Ne7 Bg4 35.Bxd5 Bf8  0-1

[Event "ch-UAE"]
[Site "Abu Dhabi UAE"]
[Date "2011.06.28"]
[Round "4"]
[White "Murad,Abdulla"]
[Black "Esa,A H Almarazeeq"]
[Result "1-0"]
[WhiteElo "1720"]
[BlackElo "1786"]

1.Nf3 Nf6 2.d4 e6 3.a3 b6 4.c4 c5 5.Bg5 Be7 6.Nc3 Bb7 7.e3 O-O 8.dxc5 bxc5
9.Bd3 d6 10.O-O Nbd7 11.e4 a6 12.Re1 Ng4 13.Bf4 e5 14.Be3 g6 15.Qc2 Nb6 16.h3 Nxe3
17.Rxe3 Bc8 18.Rd1 Be6 19.b3 Qc8 20.Ne1 f5 21.exf5 gxf5 22.Rg3+ Kh8 23.f4 e4
24.Bf1 Rg8 25.Nxe4 Rxg3 26.Nxg3 d5 27.cxd5 Nxd5 28.Nh5 Qf8 29.Bc4 Qf7 30.Bxd5 Bxd5
31.Qc3+ Kg8 32.Rxd5 Qxh5 33.Qe3  1-0

[Event "ch-UAE"]
[Site "Abu Dhabi UAE"]
[Date "2011.06.30"]
[Round "6"]
[White "Saeed,I"]
[Black "Khouri,I"]
[Result "1-0"]
[WhiteElo "2224"]
[BlackElo "2227"]

1.d4 Nf6 2.c4 e6 3.Nf3 b6 4.a3 Bb7 5.Nc3 d5 6.cxd5 Nxd5 7.e3 Nxc3 8.bxc3 Be7
9.Bb5+ c6 10.Bd3 c5 11.O-O O-O 12.Bb2 Qc7 13.Qe2 Nc6 14.Rad1 Rfd8 15.c4 Na5
16.Ne5 Bf6 17.Ng4 Be7 18.Ne5 Bd6 19.f4 cxd4 20.exd4 Bxe5 21.fxe5 Rac8 22.Bxh7+ Kxh7
23.Qh5+ Kg8 24.Rd3 g6 25.Qh6 Qc6 26.Rf2  1-0

[Event "5th Varna Open"]
[Site "Golden Sands BUL"]
[Date "2011.07.03"]
[Round "1.3"]
[White "Grigorov,G"]
[Black "Soyunlu,N"]
[Result "1-0"]
[WhiteElo "2501"]
[BlackElo "1827"]

1.d4 e6 2.c4 Nf6 3.Nf3 b6 4.a3 Bb7 5.Nc3 d6 6.Qc2 Nbd7 7.e4 e5 8.Be2 g6 9.O-O Bg7
10.Rd1 Qb8 11.dxe5 dxe5 12.b4 O-O 13.Be3 c6 14.c5 Rd8 15.Bc4 b5 16.Bb3 h6
17.Qa2 Rf8 18.Nh4 g5 19.Ng6 Rd8 20.Bxf7+ Kh7 21.Ne7 Qc7 22.Bg6+ Kh8 23.Bf5 Nf8
24.Qf7 Qb8 25.h4  1-0

[Event "TCh-TUR 2011"]
[Site "Konya TUR"]
[Date "2011.07.04"]
[Round "7"]
[White "Dzagnidze,N"]
[Black "Nikolova,A"]
[Result "1-0"]
[WhiteElo "2557"]
[BlackElo "2333"]

1.d4 Nf6 2.c4 e6 3.Nf3 b6 4.a3 Bb7 5.Nc3 d5 6.cxd5 Nxd5 7.e3 g6 8.Bb5+ c6
9.Bd3 Bg7 10.O-O O-O 11.Na4 Nd7 12.e4 N5f6 13.Bg5 Qc7 14.Rc1 e5 15.d5 Qd6
16.dxc6 Bxc6 17.Bc2 Qxd1 18.Rfxd1 Bxa4 19.Bxa4 Nc5 20.Bc6 Rac8 21.Bxf6 Bxf6
22.Bd5 Na4 23.Bb7 Rxc1 24.Rxc1 Nxb2 25.Bd5 Re8 26.g4 h6 27.h4 Re7 28.Rc6 Bg7
29.Rxg6 Nd3 30.Rc6 Nf4 31.g5 Nxd5 32.exd5 h5 33.g6 f6 34.Nd2 f5 35.Nf3 Re8
36.Ng5 Bf8 37.d6 Kg7 38.d7  1-0

[Event "38th ch-IND w Challengers"]
[Site "Chennai IND"]
[Date "2011.07.05"]
[Round "5"]
[White "Cholleti,S"]
[Black "Pratyusha,B"]
[Result "1/2-1/2"]
[WhiteElo "2023"]
[BlackElo "2064"]

1.d4 Nf6 2.Nf3 e6 3.c4 b6 4.a3 c5 5.d5 Ba6 6.Qc2 exd5 7.cxd5 g6 8.Nc3 Bg7
9.g3 O-O 10.Bg2 d6 11.O-O Nbd7 12.Re1 Re8 13.e4 b5 14.h3 Qc8 15.Bf1 b4 16.Nb5 b3
17.Qxb3 Bxb5 18.Bxb5 Rxe4 19.Rxe4 Nxe4 20.Bc6 Rb8 21.Qa4 Ndf6 22.Kg2 h5 23.Qc2 Qf5
24.Nh4 Qe5 25.Nf3 Qe7 26.Bf4 Nh7 27.Re1 f5 28.Bc1 Qc7 29.Nd2 Nxd2 30.Qxd2 Nf8
31.Qg5 Kf7 32.g4 hxg4 33.hxg4 Qd8 34.Be8+ Kg8 35.Re7 Nh7 36.Bf7+ Kf8 37.Qxg6 Qxe7
38.Be6 Nf6 39.g5  1/2-1/2

[Event "Asian Zonal 3.1 Men"]
[Site "Sharjah UAE"]
[Date "2011.07.06"]
[Round "2"]
[White "Ali,L"]
[Black "Khouri,I"]
[Result "0-1"]
[WhiteElo "2278"]
[BlackElo "2212"]

1.d4 Nf6 2.c4 e6 3.Nf3 b6 4.a3 Bb7 5.Nc3 d5 6.Bg5 Be7 7.Bxf6 Bxf6 8.cxd5 exd5
9.g3 O-O 10.Bg2 Nd7 11.Qb3 c6 12.O-O Be7 13.Rad1 Nf6 14.Ne5 Bd6 15.Nd3 Re8
16.f3 Re3 17.Rd2 Qe7 18.Qc2 h5 19.Nd1 h4 20.g4 c5 21.dxc5 bxc5 22.h3 c4 23.N3f2 Qe5
24.Re1 Qh2+ 25.Kf1 Bc5 26.Nxe3 Bxe3 27.Red1 Qg3 28.Nh1 Qh2 29.Nf2 Rd8 30.Qc3 Re8
31.b3 Re5 32.bxc4 Nh5 33.gxh5 Rg5 34.Bh1  0-1

[Event "5th LCT Open A"]
[Site "Leiden NED"]
[Date "2011.07.08"]
[Round "1"]
[White "Klop,Tjomme"]
[Black "Polak,T"]
[Result "0-1"]
[WhiteElo "2075"]
[BlackElo "2540"]

1.d4 Nf6 2.c4 e6 3.Nf3 b6 4.a3 Bb7 5.Nc3 g6 6.Qc2 Bg7 7.e4 d6 8.Bg5 h6 9.Bd2 Nbd7
10.Be2 Qe7 11.h3 a6 12.O-O-O O-O 13.Bd3 Rac8 14.Rde1 c5 15.d5 b5 16.dxe6 Qxe6
17.Nd5 bxc4 18.Bxc4 Nxd5 19.exd5 Qf6 20.Bc3 Qd8 21.Bxg7 Kxg7 22.Re3 Nb6 23.Qd3 Qf6
24.Rhe1 Rc7 25.Qb3 Nxc4 26.Qxc4 Ba8 27.Rb3 Qf5 28.Rd1 Re8 29.Rb6 Re4 30.Qc3+ f6
31.Rxd6 Qf4+ 32.Nd2 Rd4 33.Rxa6 Bxd5 34.Qg3 Qxg3 35.fxg3 Rd7 36.Ra5 Bxg2
37.Rxc5 Bf3 38.Nxf3 Rxd1+ 39.Kc2 Rh1 40.Rc3 Rxh3 41.b4 Rxg3 42.b5 Rb7 43.a4 h5
44.Kb3 Rg4 45.Rc4 Kf7 46.Kb4 Ke6 47.a5 Kd5 48.Rxg4 hxg4 49.a6 Re7 50.Nd4 g3
51.b6 g2 52.a7 Re8 53.b7 g1=Q 54.a8=Q Qxd4+ 55.Kb5 Qc5+  0-1

[Event "SPA Open A"]
[Site "Amsterdam NED"]
[Date "2011.07.09"]
[Round "1"]
[White "Hopman,P"]
[Black "Theulings,PP"]
[Result "1/2-1/2"]
[WhiteElo "2367"]
[BlackElo "2120"]

1.d4 Nf6 2.c4 e6 3.Nf3 b6 4.a3 Be7 5.Nc3 d5 6.cxd5 exd5 7.Bg5 O-O 8.e3 h6
9.Bh4 Be6 10.Rc1 c5 11.Bb5 a6 12.Ba4 b5 13.Bc2 b4 14.axb4 cxb4 15.Bxf6 Bxf6
16.Ne2 Nd7 17.Qd3 g6 18.Ng3 Bg7 19.O-O a5 20.h4 f5 21.Ne2 Qf6 22.Nf4 Bf7
23.Ba4 Nb6 24.Bc6 Rab8 25.Qa6 g5 26.hxg5 hxg5 27.Nd3 Nc4 28.Bb7 Qe7 29.Nc5 g4
30.Nh2 g3 31.Nf3 gxf2+ 32.Rxf2 Qxe3 33.Re1 Qh6 34.Nd7 Rbe8 35.Rxe8 Rxe8 36.Qxh6 Bxh6
37.Nf6+ Kf8 38.Nxe8 Kxe8 39.Re2+ Be3+ 40.Kh2 f4 41.g3 Kd7 42.Kg2 Kc7 43.Ba6 Kb6
44.Bc8 a4 45.gxf4 Bxf4 46.Re7 Nd6 47.Bf5 a3 48.bxa3 bxa3 49.Bb1 Be8 50.Ba2 Bb5
51.Bxd5 Bc4 52.Bxc4 Nxc4 53.Re2 Kb5 54.Ne1 Bd2 55.Kf3 a2 56.Nc2 Ka4 57.Ke4 Kb3
58.Kd3 Bc3 59.d5 Na3 60.Nd4+ Bxd4 61.Rxa2 Kxa2 62.Kxd4 Nb5+ 63.Kc5  1/2-1/2

[Event "10th Condom Open A"]
[Site "Condom FRA"]
[Date "2011.07.09"]
[Round "1.2"]
[White "Levers,T"]
[Black "Cioara,A"]
[Result "0-1"]
[WhiteElo "1982"]
[BlackElo "2430"]

1.d4 Nf6 2.Nf3 e6 3.c4 b6 4.a3 Bb7 5.Nc3 d5 6.Bg5 Be7 7.Qa4+ Nbd7 8.Ne5 O-O
9.Nc6 Qe8 10.cxd5 exd5 11.Nxe7+ Qxe7 12.e3 h6 13.Bh4 a6 14.Bd3 Qe6 15.O-O c5
16.Rae1 Ne4 17.Bxe4 dxe4 18.d5 Qg4 19.Be7 Rfe8 20.f3 b5 21.Nxb5 axb5 22.Qxa8 Bxa8
23.fxg4 Rxe7 24.d6 Re6 25.Rd1 Bc6 26.b4 c4 27.Rd4 Ne5 28.Rfd1 Bd7 29.Rxe4 Nd3
30.Rd4 Rxe3 31.a4 c3 32.axb5 c2 33.Rf1 c1=Q 34.Rxd3 Re1  0-1

[Event "111th ch-SUI"]
[Site "Leukerbad SUI"]
[Date "2011.07.09"]
[Round "3"]
[White "Siebrecht,S"]
[Black "Gloor,R"]
[Result "1-0"]
[WhiteElo "2470"]
[BlackElo "2253"]

1.d4 Nf6 2.c4 e6 3.Nf3 b6 4.a3 Bb7 5.Nc3 d5 6.Bg5 Be7 7.e3 O-O 8.Rc1 Nbd7
9.cxd5 exd5 10.Bd3 Ne4 11.Bf4 Nxc3 12.Rxc3 c5 13.dxc5 bxc5 14.O-O Bf6 15.Rc1 Qe7
16.Bf5 Nb6 17.Qc2 g6 18.Bh3 Bc8 19.Bxc8 Raxc8 20.Rfd1 Rfd8 21.b3 d4 22.e4 Qe6
23.Qb1 Bg7 24.a4 Qg4 25.Bg5 Re8 26.Re1 h6 27.h3 Qe6 28.Bf4 a5 29.Rcd1 Red8
30.Bd2 Ra8 31.Bf4 Rac8 32.e5 Rb8 33.Qc2 Nd7 34.Nd2 Nb6 35.Qxc5 Nd5 36.Qxd4 Qf5
37.Bg3 Qc2 38.Nc4 Qxb3 39.Nxa5 Qc2 40.Rc1 Qb2 41.Qxb2 Rxb2 42.Red1  1-0

[Event "ch-Central Serbia Int Open A"]
[Site "Paracin SRB"]
[Date "2011.07.09"]
[Round "2.32"]
[White "Elez,S"]
[Black "Nikolov,Sas"]
[Result "1/2-1/2"]
[WhiteElo "2149"]
[BlackElo "2412"]

1.d4 Nf6 2.c4 e6 3.Nf3 b6 4.a3 Ba6 5.Qc2 d5 6.cxd5 exd5 7.g3 Bd6 8.Bg2 O-O
9.O-O Re8 10.Nc3 Nbd7 11.b4 Bc4 12.Rd1 a5 13.Rb1 Qe7 14.Nh4 axb4 15.Nf5 Qf8
16.axb4 Bxb4 17.Ne3 Bxc3 18.Nxc4 Bb4 19.Ne3 c5 20.Nxd5 Nxd5 21.Bxd5 Rac8
22.Bb7 Rcd8 23.Be3 Nf6 24.dxc5 Rxd1+ 25.Rxd1 Bxc5 26.Bxc5 bxc5 27.Rc1 Re5
28.f4 Re7 29.Bf3 Rc7 30.Qd3 h5 31.Kg2 Qe7 32.Rc3 Ng4 33.h3 Rd7 34.Qe4 Qxe4
35.Bxe4 Nf6 36.Bc6 Rd4 37.Rxc5 h4 38.Bf3 hxg3 39.e3 Rd3 40.Re5 g6 41.Kxg3 Kg7
42.h4 Ra3 43.Be2 Rc3 44.Bd1 Nd7 45.Re7 Nf6 46.Kf2 Ra3 47.Rb7 Ne4+ 48.Kf3 Nd6
49.Rb3 Rxb3 50.Bxb3  1/2-1/2

[Event "86th ch-Paris IdF"]
[Site "Paris FRA"]
[Date "2011.07.10"]
[Round "9.7"]
[White "Arnold,Mar"]
[Black "Debray,C"]
[Result "1-0"]
[WhiteElo "2445"]
[BlackElo "2364"]

1.d4 Nf6 2.c4 e6 3.Nf3 b6 4.a3 Ba6 5.Qc2 c5 6.d5 exd5 7.cxd5 g6 8.Nc3 Bg7
9.g3 O-O 10.Bg2 d6 11.O-O Nbd7 12.Re1 Re8 13.Bf4 Qe7 14.e4 Ng4 15.Bg5 f6
16.Bf4 Nde5 17.Rad1 Nxf3+ 18.Bxf3 Ne5 19.Bxe5 fxe5 20.Bg4 Bh6 21.Qa4 Bc8
22.Bxc8 Raxc8 23.Nb5 a5 24.Qc4 Rf8 25.Rd3 Rf6 26.Kg2 Rcf8 27.f3 Qf7 28.Rf1 Bg7
29.h3 h5 30.Qc2 h4 31.g4 Bh6 32.a4 Qe7 33.Na3 Rb8 34.Rb3 Rf7 35.Nc4 Qd8 36.Ra1 Rfb7
37.Rb5 Qc7 38.Qf2 Bg5 39.Ra3 Kh7 40.Rab3 Kg7 41.Qe1 Kg8 42.f4 Bxf4 43.Qxh4 Qd8  1-0

[Event "Asian Zonal 3.1 Men"]
[Site "Sharjah UAE"]
[Date "2011.07.10"]
[Round "7"]
[White "Khader,Sam"]
[Black "Ghaem Maghami,E"]
[Result "1-0"]
[WhiteElo "2402"]
[BlackElo "2588"]

1.d4 Nf6 2.Nf3 b6 3.c4 e6 4.a3 Ba6 5.Qc2 Bb7 6.Nc3 c5 7.dxc5 bxc5 8.Bf4 Nh5
9.Bd2 Be7 10.e4 Nc6 11.Be2 Qb8 12.g3 Nf6 13.Bd3 O-O 14.Bf4 d6 15.O-O Nd7
16.Rfe1 Nde5 17.Be2 a6 18.Rad1 Qc7 19.Be3 Rab8 20.Rf1 Ba8 21.Ne1 Na5 22.Na2 f5
23.b4 Bxe4 24.Qc3 Nb7 25.f3 Bc6 26.b5 axb5 27.cxb5 Bd5 28.Nb4 Bf6 29.Nxd5 exd5
30.Qb3 c4 31.Qc2 Qf7 32.Qd2 Ra8 33.Nc2 Nc5 34.Qxd5 Ned3 35.Qxf7+ Kxf7 36.Bxc5 dxc5
37.Bxd3 cxd3 38.Rxd3 Rfb8 39.Rb1 Ra5 40.b6 Rb7 41.Rdb3 Ra6 42.Rb5 Ke6 43.Kf1 Bd8
44.Rxc5 Raxb6 45.Nd4+ Kd6 46.Rxb6+ Rxb6 47.Rxf5 Rb2 48.Rh5 Bf6 49.Ne2 h6
50.Ra5 Bd8 51.Ra4 Bb6 52.Rb4 Rxb4 53.axb4 Kd5 54.Nf4+ Kc4 55.Ke2 Bg1 56.h4 Kxb4
57.Ne6 g6 58.Nf4 g5 59.hxg5 hxg5 60.Nh3 Bb6 61.Nxg5 Kc4 62.f4 Kd5 63.Kf3 Ba5
64.Ne4 Bd8 65.g4 Ke6 66.g5 Kf5 67.Ng3+ Ke6 68.Kg4 Kf7 69.f5 Bb6 70.Ne4 Bd4
71.Kh5 Kg8 72.g6  1-0

[Event "Lev Polugaevsky Mem"]
[Site "Samara RUS"]
[Date "2011.07.11"]
[Round "7"]
[White "Papin,V"]
[Black "Zernyshkin,V"]
[Result "1-0"]
[WhiteElo "2565"]
[BlackElo "2319"]

1.d4 Nf6 2.c4 e6 3.Nf3 b6 4.a3 Bb7 5.Nc3 d5 6.Bg5 Be7 7.Qa4+ c6 8.Bxf6 Bxf6
9.cxd5 exd5 10.g3 O-O 11.Bg2 c5 12.Rd1 c4 13.Ne5 a6 14.Ng4 Bg5 15.f4 b5 16.Qc2 b4
17.axb4 Be7 18.O-O Bxb4 19.Ne3 Bxc3 20.Qxc3 Bc6 21.f5 Re8 22.f6 g6 23.Qd2 Kh8
24.Ng4 Nd7 25.Qh6 Rg8 26.Qg5 Rb8 27.Rd2 Ba8 28.Rf4 Qb6 29.Nh6 Rgf8 30.Bh3 Nc5
31.dxc5 Qxc5+ 32.Rdd4 c3 33.bxc3 Qxc3 34.Nf5 Qc1+ 35.Bf1 Rb2 36.Qh6 Rg8  1-0

[Event "ch-Central Serbia Int Open A"]
[Site "Paracin SRB"]
[Date "2011.07.12"]
[Round "5.44"]
[White "Ratkovic,Milov"]
[Black "Zarkovic,M"]
[Result "1-0"]
[WhiteElo "2146"]
[BlackElo "2015"]

1.d4 Nf6 2.Nf3 e6 3.c4 b6 4.a3 Bb7 5.Nc3 d5 6.cxd5 Nxd5 7.Qc2 Nxc3 8.bxc3 Be7
9.e4 O-O 10.Bd3 c5 11.O-O Qc7 12.Qe2 Nd7 13.a4 Rac8 14.Bd2 Rfd8 15.h4 Nf8
16.h5 h6 17.Be3 Bf6 18.e5 Be7 19.Nh2 Qc6 20.f3 cxd4 21.cxd4 Qd7 22.Ng4 Bg5
23.f4 Be7 24.Bb5 Qd5 25.Rac1 Rxc1 26.Rxc1 Rc8 27.Rxc8 Bxc8 28.Bc4 Qc6 29.Bb5 Qd5
30.Qc4 Qxc4 31.Bxc4 Bd7 32.Bb3 b5 33.axb5 Bxb5 34.d5 exd5 35.Bxa7 Bc4 36.Bxc4 dxc4
37.Ne3 Ne6 38.f5 Nf4 39.Nxc4 Nxh5 40.Kf2 Nf4 41.Kf3 g5 42.g3 Nd5 43.f6 Bf8
44.Ke4 Nc7 45.Kf5 Ne6 46.Nd6 Nd8 47.Bb6 Nc6 48.g4 Nb8 49.Nxf7 Kxf7 50.e6+ Kg8
51.Kg6 Nc6 52.Bd4 Ne7+ 53.fxe7 Bxe7 54.Bf6 Kf8 55.Bxe7+  1-0

[Event "Lev Polugaevsky Mem"]
[Site "Samara RUS"]
[Date "2011.07.13"]
[Round "9"]
[White "Papin,V"]
[Black "Yakovich,Yur"]
[Result "1-0"]
[WhiteElo "2565"]
[BlackElo "2539"]

1.d4 Nf6 2.c4 e6 3.Nf3 b6 4.a3 Bb7 5.Nc3 d5 6.cxd5 Nxd5 7.Qc2 Nxc3 8.bxc3 c5
9.e4 Nc6 10.Bb2 Rc8 11.Rd1 cxd4 12.cxd4 Bd6 13.d5 exd5 14.exd5 Qe7+ 15.Be2 Na5
16.Qa4+ Kd8 17.Kf1 Rc5 18.Nd4 Rxd5 19.Bf3 Re8 20.Bc3 Rc5 21.Bxa5 bxa5 22.g3 Bxf3
23.Nxf3 Kc7 24.Kg2 Qe4 25.Qb3 Qc4 26.Qb2 Qc3 27.Qa2 Re6 28.Nd4 Qc4 29.Qxc4 Rxc4
30.Rc1 Rxc1 31.Nxe6+ Kd7 32.Rxc1 Kxe6 33.a4 Kd5 34.Kf3 Bc5 35.Ke2 h5 36.f3 Kd4
37.Rd1+ Kc4 38.Rd7 Kb4 39.Kd3 Kxa4 40.Kc4 Bb6 41.Rxf7  1-0

[Event "Lev Polugaevsky Mem"]
[Site "Samara RUS"]
[Date "2011.07.13"]
[Round "9"]
[White "Popov,Alexey1"]
[Black "Zernyshkin,V"]
[Result "0-1"]
[WhiteElo "2229"]
[BlackElo "2319"]

1.d4 e6 2.Nf3 Nf6 3.c4 b6 4.a3 Bb7 5.Nc3 d5 6.Bg5 Be7 7.Qa4+ c6 8.Bxf6 Bxf6
9.cxd5 exd5 10.g3 O-O 11.Bg2 Re8 12.O-O Nd7 13.Rad1 Qc7 14.Bh3 Rad8 15.Bf5 Nf8
16.Bb1 Bc8 17.Kg2 Bd7 18.Qc2 Qc8 19.Ng1 c5 20.dxc5 d4 21.Na2 bxc5 22.Rc1 Qb7+
23.f3 Rc8 24.Qd2 Be6 25.Qa5 Qxb2 26.Qxa7 d3 27.Bxd3 Qxa2 28.Rxc5 Ra8 29.Qb7 Qxa3  0-1

[Event "3rd Artemis Cup"]
[Site "Leros GRE"]
[Date "2011.07.14"]
[Round "3.2"]
[White "Mirzoev,A"]
[Black "Nikolaidis,I"]
[Result "0-1"]
[WhiteElo "2415"]
[BlackElo "2545"]

1.d4 Nf6 2.Nf3 e6 3.c4 b6 4.a3 Ba6 5.e3 d5 6.Nbd2 c5 7.b3 cxd4 8.Nxd4 Bc5
9.Bb2 O-O 10.b4 Bxd4 11.Bxd4 dxc4 12.Qf3 Nbd7 13.Bxc4 Bxc4 14.Nxc4 Qc7 15.Bxf6 Nxf6
16.Nd2 Qc3 17.Ra2 Rad8 18.Qd1 Ne4 19.Qc2 Rd3 20.Qxc3 Nxc3 21.Rc2 Rfd8 22.h4 Nb1
23.Nf1 Nxa3 24.Ra2 Nb5 25.Rd2 Nc3 26.h5 e5 27.Rh4 e4 28.Rf4 R8d5 29.Rxd3 Rxd3
30.Nd2 g6 31.hxg6 hxg6 32.Rf6 Nd5 33.Rc6 Rc3 34.Rxc3 Nxc3 35.Nc4 f5 36.Kd2 Nd5
37.b5 Kf7 38.Ne5+ Ke6 39.Nxg6 Nc7 40.Nf4+ Ke5 41.Kc3 Nxb5+ 42.Kb4 Nc7 43.Ng6+ Kd6
44.Nh4 Ke6 45.Kc4 a5 46.Ng6 Kd6 47.Nh4 b5+ 48.Kb3 Ke6 49.g3 Na6 50.f3 Nc5+
51.Kc2 b4 52.g4 fxg4 53.fxg4 a4 54.Nf5 a3 55.Nd4+ Kf6 56.Nc6 b3+ 57.Kc3 a2
58.Kb2 Nd3+ 59.Ka1 Ne1  0-1

[Event "Myrhorod Open A"]
[Site "Myrhorod UKR"]
[Date "2011.07.14"]
[Round "9.12"]
[White "Solovyev,A"]
[Black "Guk,Ilja"]
[Result "0-1"]
[WhiteElo "2136"]
[BlackElo "2280"]

1.d4 Nf6 2.c4 e6 3.Nf3 b6 4.a3 Ba6 5.Qc2 c5 6.e4 cxd4 7.e5 Ng8 8.Bd3 Bb7
9.Nbd2 Ne7 10.h4 Nbc6 11.Ne4 Ng6 12.Nd6+ Bxd6 13.exd6 Qb8 14.Bxg6 fxg6 15.c5 bxc5
16.Qxc5 O-O 17.h5 Rf5 18.Qc2 gxh5 19.Ng5 Qxd6 20.f4 d3 21.Qd1 Nd4 22.Qxh5 h6
23.Qg6 Rxg5 24.fxg5 Qe5+  0-1

[Event "Najdorf Memorial"]
[Site "Warsaw POL"]
[Date "2011.07.15"]
[Round "3"]
[White "Brodsky,M"]
[Black "Licznerski,L"]
[Result "1/2-1/2"]
[WhiteElo "2563"]
[BlackElo "2122"]

1.d4 Nf6 2.Nf3 e6 3.c4 b6 4.a3 Bb7 5.Nc3 d5 6.cxd5 exd5 7.g3 Nbd7 8.Bg2 a6
9.Bf4 Nh5 10.Be3 Bd6 11.Nh4 Ndf6 12.Nf5 Bf8 13.Qd3 g6 14.Nh6 Qd7 15.h4 Ng7
16.Bg5 Ng8 17.Ng4 Ne6 18.Bf6 Bg7 19.Bxg7 Nxg7 20.Qe3+ Kf8 21.Qf4 Rd8 22.Rd1 h5
23.Ne5 Qf5 24.Qg5 Ne7 25.Bh3 Qxg5 26.hxg5 Bc8 27.Bg2 Ne6 28.f4 Nf5 29.Kf2 h4
30.g4 Ng3 31.Rxh4 Ne4+ 32.Bxe4 Rxh4 33.Kg3 dxe4 34.Kxh4 Rxd4 35.Rxd4 Nxd4
36.Kg3 Bb7 37.e3 Ne6 38.Nd7+ Ke7 39.Nf6 Nc5 40.b4 Nd3 41.Nfxe4 Bxe4 42.Nxe4  1/2-1/2

[Event "III Corporation Cup A"]
[Site "Izhevsk RUS"]
[Date "2011.07.16"]
[Round "2"]
[White "Kanter,E"]
[Black "Ivanov,Stepan"]
[Result "1-0"]
[WhiteElo "2411"]
[BlackElo "2038"]

1.d4 Nf6 2.c4 e6 3.Nf3 b6 4.a3 Bb7 5.Nc3 Be7 6.d5 O-O 7.e4 exd5 8.cxd5 d6
9.Be2 c6 10.O-O Nbd7 11.Re1 Re8 12.dxc6 Bxc6 13.Bc4 Ne5 14.Ba2 Qc7 15.Nd4 Bb7
16.Bf4 Bf8 17.Bg5 Ned7 18.Rc1 Rac8 19.Nd5 Qb8 20.Nxf6+ gxf6 21.Qh5 d5 22.Rxc8 Qxc8
23.Bd2 Re5 24.Qg4+ Kh8 25.exd5 Bh6 26.Qd1 Bxd2 27.Qxd2 Rxe1+ 28.Qxe1 Qc5
29.Nf5 Ne5 30.Qd2 Bc8 31.Ne3 f5 32.h4 Qd6 33.Qc3 Bb7 34.Nc4  1-0